01063 2200349 4500001002100000005001500021035002000036007000300056008004100059020002200100040002200122082001700144084001700161090002100178090002200199090001900221245008100240250002600321300003000347650004000377700003200417850001200449110004000461710004000501264003400541336002100575337003000596338002300626999002200649990002200671990002000693INLIS00000000085092220190923032532 a0010-0919000195ta190917s2017 yoi g l 0 ind d a978-602-6380-95-1 aYOPDYOGbinderda04223a346.0135 a346.0135 UND aDEP 346.0135 UND aCB-D.11 2017-1327 aR 346.0135 UND0 aUndang-undang perlindungan anak /cTim Legality; penyunting, Indah Wulandari aCetakan pertama, 2017 aiii, 188 halaman ;c20 cm 4aAnak--vUndang-Undang dan Peraturan0 aIndah WulandarigPenyunting aYOPDYOG2 aTim LegalitygBadan Penanggungjawab aTim LegalityeBadan Penanggungjawab31aYogyakarta :bLegality,c2017 2rdacontentateks 2rdamediaatanpa perantara 2rdacarrieravolume aCB-D.11/2017-1327 aCB-D.11/2017-1327 a64239-PD/A.2019